A treatise on the law of partnership /
Saved in:
| Main Author: | |
|---|---|
| Format: | Book |
| Language: | English |
| Published: |
Boston :
Little, Brown,
1867.
|
| Series: | 19th-century legal treatises ;
no. 21195-21202. Making of modern law |
| Subjects: | |
| Tags: |
Add Tag
No Tags, Be the first to tag this record!
|
| LEADER | 01003nam a2200289Ia 4500 | ||
|---|---|---|---|
| 001 | 001664070-5 | ||
| 005 | 20060522171904.0 | ||
| 008 | 871203s1867 ctu 00110 eng d | ||
| 035 | 0 | |a ocm07570400 | |
| 035 | 0 | |a ocm17176956 | |
| 040 | |a NLT |c NLT | ||
| 043 | |a n-us--- | ||
| 050 | 4 | |a KF1375 |b .P377 | |
| 090 | |a K46 |b .N5 21195- 21202 | ||
| 100 | 1 | |a Parsons, Theophilus, |d 1797-1882. | |
| 245 | 1 | 2 | |a A treatise on the law of partnership / |c by Theophilus Parsons. |
| 260 | 0 | |a Boston : |b Little, Brown, |c 1867. | |
| 300 | |a liv, 653 p. ; |c 25 cm. | ||
| 500 | |a Includes index. | ||
| 504 | |a Includes bibliographical references and index. | ||
| 650 | 0 | |a Partnership |z United States. | |
| 787 | 1 | |w (DLC)16-9189 | |
| 776 | 0 | 8 | |i Online version: |a Parsons, Theophilus, 1797-1882. |t Treatise on the law of partnership. |d Boston, Little, Brown, 1867 [©1866] |w (OCoLC)654611516 |
| 830 | 0 | |a 19th-century legal treatises ; |v no. 21195-21202. |5 law | |
| 830 | 0 | |a Making of modern law |5 net | |
| 988 | |a 20020608 | ||
| 906 | |0 OCLC | ||


